Statistics for The Strokes Lyrics - Razorblade

Click here to take the quiz!

General Stats

  • This quiz has been taken 22 times
  • The average score is 192 of 221

Answer Stats

Lyrics% Correct
a
100%
and
100%
are
100%
but
100%
for
100%
he
100%
He
100%
(I
100%
I
100%
I'm
100%
in
100%
is
100%
it
100%
It
100%
it's
100%
love
100%
me,
100%
me
100%
more
100%
my
100%
no,
100%
not
100%
the
100%
The
100%
They
100%
to
100%
we
100%
you)
100%
You
100%
you
100%
your
100%
don't
94%
don't,
94%
heart
94%
know
94%
know,
94%
of
94%
Of
94%
"Oh
94%
Oh,
94%
razorblade,
94%
say
94%
Say
94%
she
94%
She
94%
than
94%
that
94%
that's
94%
up
94%
were
94%
what
94%
with
94%
won't
94%
you're
94%
yours
94%
at
88%
At
88%
could
88%
course
88%
feelings
88%
go
88%
if
88%
important
88%
important,
88%
now,
88%
other
88%
out
88%
was
88%
would
88%
around
81%
call
81%
care,
81%
complicated
81%
each
81%
everything
81%
extremely
81%
gets
81%
girl
81%
lie
81%
mess
81%
or
81%
perfect
81%
pick
81%
put
81%
-smart
81%
snap
81%
street
81%
there
81%
this
81%
wanna
81%
Anything
75%
arms
75%
'cause
75%
dead,
75%
down
75%
drop
75%
feet
75%
forget
75%
hand
75%
least
75%
never
75%
once
75%
rope
75%
shy
75%
take
75%
tell
75%
Tell
75%
throat
75%
week
75%
world
75%
got
69%
okay
69%
thinking
69%
times
69%
wish
69%
You've
69%
bet
63%
exactly
63%
talk
63%
Whether
63%
from
56%
them
56%
loud
50%
wanted
50%
worry,"
50%
you'd
50%
Sweetheart,
44%
loved
31%
Everyone
25%
hey
19%
saw
19%
Before
13%

Score Distribution

Percentile by Number Answered

Percent of People with Each Score

Your Score History

You have not taken this quiz